00748 2200289 4500001002100000005001500021035002000036007000300056040001700059100002700076245003000103250001200133300003400145041000800179082000800187084001400195090002200209260003300231850001000264008004100274650001100315264004400326336002100370337003000391338002300421990001400444INLIS00000000000508620260515052738 a0010-0222000176ta aSBPUPADbind0 aYan ArmerunePengarang1 aPertualangan Benteng Liar a.-cet.3 a54 hlm. :bilus. ;c13,5x20cm0 aind a454 a454 YAN p a495.6 PRA b L15-2 a.--Yogyakarta :bANDI,c2016 aPUPAD260515 0  4acerpen a.--bandung :bDunia Pustaka Jaya,c1977 2rdacontentaTeks 2rdamediaaTanpa Perantara 2rdacarrieraVolume a4541-2005